| 000 | 01006cam a2200265 a 4500 | ||
|---|---|---|---|
| 999 |
_c3936 _d3936 |
||
| 001 | 15431 | ||
| 003 | BD-DhUAP | ||
| 005 | 20200315151027.0 | ||
| 008 | 200315s1986 nyub b 000 0 eng | ||
| 020 | _a0521317592 | ||
| 020 | _a0521317606 | ||
| 040 |
_aDLC _cDLC _bEng _dBD-DhUAP |
||
| 082 |
_223 _a428.4 GRE |
||
| 100 | _a Greenall, Simon. | ||
| 245 | 0 | 0 |
_aEffective reading : _breading skills for advanced students / _cSimon Greenall and Michael Swan. |
| 260 |
_aNew York : _bCambridge University Press, _cc1986 [Reprinted 2001]. |
||
| 300 |
_avii, 213 pages : _billustrations ; _c27 cm. |
||
| 520 | _aContributed articles published under the Cultural Survey of Bangladesh Project; covers the period, 3rd century B.C. to 20th century; includes very briefly non-Bengali literature also. | ||
| 546 | _aIn English; includes passages in Bengali. | ||
| 650 | _aEnglish language. | ||
| 650 | _aReading. | ||
| 650 |
_aEnglish language _zStudy and teaching. |
||
| 700 | _aSwan, Michael. | ||
| 942 |
_2ddc _cBK |
||